[Event "Bundesliga 2324"]
[Site "Germany"]
[Date "2024.02.23"]
[Round "9.2"]
[White "Dragnev, Valentin"]
[Black "Zysk, Robert"]
[Result "1-0"]
[WhiteElo "2586"]
[BlackElo "2388"]
[PlyCount "95"]
[EventDate "2023.10.21"]
[EventType "team-tourn"]
[EventRounds "15"]
[EventCountry "GER"]
[SourceTitle "CB09_2024"]
[SourceDate "2024.02.28"]
[SourceVersion "1"]
[SourceVersionDate "2024.02.28"]
[SourceQuality "1"]
[WhiteTeam "Bayern Muenchen"]
[BlackTeam "Muenchen Zugzwang"]
[WhiteTeamCountry "GER"]
[BlackTeamCountry "GER"]

1. e4 e6 2. d4 d5 3. Nd2 c5 4. Ngf3 Nf6 5. e5 Nfd7 6. c3 Be7 7. Bd3 b6 8. 0-0 Ba6 9. Ne1 Bxd3 10. Nxd3 Nc6 11. Qg4 g6 12. Nf3 h5 13. Qg3 Qc7 14. Be3 0-0-0 15. dxc5 Nxc5 16. Nxc5 Bxc5 17. Bxc5 bxc5 18. b4 h4 19. Qf4 Rh5 20. Rfe1 Rf5 21. Qe3 c4 22. Rad1 Rh5 23. b5 Ne7 24. Rb1 Qb6 25. Qf4 Nf5 26. Rb4 Rd7 27. Reb1 Rb7 28. a4 Rh8 29. Ra1 Qc5 30. Rab1 Qb6 31. g4 hxg3 32. hxg3 Qd8 33. Kg2 Qf8 34. a5 Qh6 35. Qxh6 Rxh6 36. a6 Rb6 37. Ng5 Kd7 38. Nxf7 Rh7 39. Ng5 Rh5 40. Nf3 Rh8 41. Rd1 Ke7 42. Rbb1 Kd7 43. Rg1 Rbb8 44. Kf1 Kc7 45. Ke2 Kb6 46. g4 Nh4 47. Ng5 Rbe8 48. Rg3 1-0

[Event "Millennium Masters 2nd"]
[Site "Rosenheim"]
[Date "2023.04.10"]
[Round "9"]
[White "Zysk, Robert"]
[Black "Soham, Das1111"]
[Result "1/2-1/2"]
[WhiteElo "2411"]
[BlackElo "2340"]
[PlyCount "113"]
[EventDate "2023.04.03"]
[EventType "tourn"]
[EventRounds "9"]
[EventCountry "GER"]
[EventCategory "4"]
[SourceTitle "CBM 213 Extra"]
[Source "ChessBase"]
[SourceDate "2023.05.31"]
[SourceVersion "1"]
[SourceVersionDate "2023.05.31"]
[SourceQuality "1"]

1. Nf3 c5 2. b3 d6 3. e3 e5 4. Nc3 Nf6 5. Bb5+ Nc6 6. 0-0 a6 7. Be2 Be7 8. e4 b5 9. d3 0-0 10. a4 Rb8 11. axb5 axb5 12. Re1 h6 13. h3 Be6 14. Nh2 Nd4 15. Ng4 b4 16. Nxf6+ Bxf6 17. Na4 Bg5 18. Be3 f5 19. Bxd4 cxd4 20. exf5 Bxf5 21. Bg4 Bh4 22. g3 Bg5 23. h4 Be7 24. Nb2 Qd7 25. Bf3 Be6 26. Nc4 Rf6 27. Bg2 Rbf8 28. Rf1 Qc7 29. Qe2 Rg6 30. Ra8 Rxa8 31. Bxa8 Qa7 32. Qf3 Rf6 33. Qb7 Qxb7 34. Bxb7 Rf8 35. Ra1 Rd8 36. Nb6 Kf7 37. Bd5 Rb8 38. Ra6 Kf6 39. Bxe6 Kxe6 40. Nc4 Rb7 41. Kf1 Rc7 42. Ke2 h5 43. Kd1 Rd7 44. Na5 g5 45. hxg5 Bxg5 46. Nc4 h4 47. gxh4 Bxh4 48. Ke2 Be7 49. Rb6 Kf5 50. Na5 Bd8 51. Ra6 Bxa5 52. Rxa5 Rc7 53. Kd2 Rb7 54. Ra8 Ke6 55. Re8+ Kd5 56. Rf8 Rg7 57. Rb8 1/2-1/2

[Event "Millennium Masters 2nd"]
[Site "Rosenheim"]
[Date "2023.04.04"]
[Round "2"]
[White "Zysk, Robert"]
[Black "Lohvinov, Petro"]
[Result "1/2-1/2"]
[WhiteElo "2411"]
[BlackElo "2260"]
[PlyCount "123"]
[EventDate "2023.04.03"]
[EventType "tourn"]
[EventRounds "9"]
[EventCountry "GER"]
[EventCategory "4"]
[SourceTitle "CBM 213 Extra"]
[Source "ChessBase"]
[SourceDate "2023.05.31"]
[SourceVersion "1"]
[SourceVersionDate "2023.05.31"]
[SourceQuality "1"]

1. Nf3 Nf6 2. c4 g6 3. d4 Bg7 4. Nc3 0-0 5. e4 d6 6. Be2 e5 7. 0-0 Nc6 8. d5 Ne7 9. b4 Nh5 10. g3 f5 11. Ng5 Nf6 12. f3 h6 13. Ne6 Bxe6 14. dxe6 c6 15. b5 Qc7 16. bxc6 bxc6 17. Rb1 Rfd8 18. Ba3 Kh7 19. Qd3 Qc8 20. Rfd1 Qxe6 21. Rb7 Ne8 22. Qb1 f4 23. Kg2 c5 24. Nd5 Nc6 25. gxf4 exf4 26. Nxf4 Qf6 27. Bc1 Nd4 28. Qd3 Rab8 29. Rxb8 Rxb8 30. Kh1 Nc7 31. Rg1 Nxe2 32. Qxe2 Ne6 33. Nxe6 Qxe6 34. Qd3 Bd4 35. Be3 Bxe3 36. Qxe3 Qxc4 37. Qf4 Qe6 38. Rd1 Rb6 39. Rd2 c4 40. Rc2 Rb1+ 41. Kg2 Rb5 42. h4 g5 43. hxg5 hxg5 44. Qe3 Rc5 45. Qd4 Kg6 46. Kf2 a5 47. Ke3 c3 48. Kd3 Qf6 49. Qxf6+ Kxf6 50. Kd4 Ke6 51. a4 Rc7 52. Rxc3 Rxc3 53. Kxc3 Ke5 54. Kd3 Kf4 55. Ke2 g4 56. fxg4 Kxe4 57. g5 Kf5 58. Kd3 Kxg5 59. Kc4 Kf4 60. Kd4 Kf3 61. Kd3 Kf2 62. Kd2 1/2-1/2

[Event "BL2-Ost 2122"]
[Site "Germany"]
[Date "2022.03.05"]
[Round "1.7"]
[White "Krstic, Petar"]
[Black "Zysk, Robert"]
[Result "0-1"]
[WhiteElo "2296"]
[BlackElo "2404"]
[PlyCount "98"]
[EventDate "2022.03.05"]
[EventType "team-tourn"]
[EventRounds "10"]
[EventCountry "GER"]
[SourceTitle "EXT 2023"]
[Source "ChessBase"]
[SourceDate "2022.10.05"]
[SourceVersion "1"]
[SourceVersionDate "2022.10.05"]
[SourceQuality "1"]
[WhiteTeam "Deggendorf"]
[BlackTeam "Muenchen Zugzwang"]
[WhiteTeamCountry "GER"]
[BlackTeamCountry "GER"]

1. e4 e6 2. d3 c5 3. Nf3 Nc6 4. g3 g6 5. Bg2 Bg7 6. 0-0 Nge7 7. Nbd2 0-0 8. c3 d6 9. Re1 b6 10. Nf1 e5 11. Ne3 h6 12. h4 Be6 13. h5 g5 14. c4 Qd7 15. Nh2 f5 16. exf5 Nxf5 17. Bd5 Nfd4 18. Bxe6+ Qxe6 19. Nd5 Rf7 20. Re4 Raf8 21. Be3 Rf5 22. Qg4 Kh8 23. Rf1 Qf7 24. Kg2 Nc2 25. Qe2 N6d4 26. Qd2 Nxe3+ 27. Nxe3 Rf3 28. Neg4 Rf5 29. Ne3 Rf6 30. Nd5 Qxh5 31. Nxf6 Qxh2+ 32. Kxh2 Nf3+ 33. Kg2 Nxd2 34. Ng4 Nxf1 35. Kxf1 h5 36. Ne3 g4 37. b3 Kh7 38. Nd5 Rf7 39. Ke2 Kg6 40. a4 Bh6 41. b4 cxb4 42. Nxb4 Bc1 43. d4 Bb2 44. dxe5 dxe5 45. Nc2 Rd7 46. Re3 Kf5 47. Rb3 Bd4 48. Rb5 Bxf2 49. a5 Bc5 0-1

[Event "GRE-chT 48th"]
[Site "Athens"]
[Date "2021.09.12"]
[Round "7.7"]
[White "Dounis, Alexandros"]
[Black "Zysk, Robert"]
[Result "0-1"]
[WhiteElo "2311"]
[BlackElo "2392"]
[PlyCount "80"]
[EventDate "2021.09.07"]
[EventType "team-swiss"]
[EventRounds "7"]
[EventCountry "GRE"]
[SourceTitle "CBM 204 Extra"]
[Source "ChessBase"]
[SourceDate "2021.11.30"]
[SourceVersion "1"]
[SourceVersionDate "2021.11.30"]
[SourceQuality "1"]
[WhiteTeam "Panellinios GS"]
[BlackTeam "Papagou"]
[WhiteTeamCountry "GRE"]
[BlackTeamCountry "GRE"]

1. Nf3 Nf6 2. g3 b6 3. Bg2 Bb7 4. 0-0 g6 5. c4 Bg7 6. d4 0-0 7. d5 c6 8. Nc3 cxd5 9. cxd5 Na6 10. Nd4 d6 11. h3 Qd7 12. g4 Nc7 13. e4 Rfe8 14. Be3 e6 15. dxe6 Nxe6 16. Nxe6 Qxe6 17. Nb5 Qe7 18. e5 dxe5 19. Bxb7 Rad8 20. Qf3 e4 21. Qg3 Qxb7 22. Nd6 Rxd6 23. Qxd6 h5 24. g5 Nd7 25. Rfc1 Ne5 26. Kg2 Nf3 27. Rc7 Qb8 28. Qf4 Nh4+ 29. Kh1 Nf5 30. Rac1 Bxb2 31. R1c4 Be5 32. Qxe5 Rxe5 33. Rc8+ Re8 34. Rxb8 Rxb8 35. Bf4 Rd8 36. Rxe4 Kf8 37. Ra4 Rd4 38. Rxd4 Nxd4 39. Bd6+ Ke8 40. Kg2 Kd7 0-1

[Event "GRE-chT 48th"]
[Site "Athens"]
[Date "2021.09.09"]
[Round "4.6"]
[White "Zysk, Robert"]
[Black "Nevednichy, Vladislav"]
[Result "0-1"]
[WhiteElo "2392"]
[BlackElo "2498"]
[PlyCount "122"]
[EventDate "2021.09.07"]
[EventType "team-swiss"]
[EventRounds "7"]
[EventCountry "GRE"]
[SourceTitle "CBM 204 Extra"]
[Source "ChessBase"]
[SourceDate "2021.11.30"]
[SourceVersion "1"]
[SourceVersionDate "2021.11.30"]
[SourceQuality "1"]
[WhiteTeam "Papagou"]
[BlackTeam "Peukees"]
[WhiteTeamCountry "GRE"]
[BlackTeamCountry "GRE"]

1. d4 Nf6 2. Nf3 e6 3. c4 d5 4. Nc3 Nbd7 5. Bg5 c6 6. cxd5 exd5 7. e3 Be7 8. Qc2 0-0 9. Bd3 Re8 10. 0-0 Nf8 11. Ne5 Ng4 12. Bxe7 Qxe7 13. Nf3 Nf6 14. Ne5 Ng4 15. Nf3 Nf6 16. Ne5 Ne4 17. Rae1 f6 18. Nf3 Nd6 19. Nd2 Be6 20. f3 Rad8 21. Qa4 a6 22. Qc2 Qc7 23. a3 c5 24. dxc5 Qxc5 25. Nb3 Qa7 26. Nd4 Bf7 27. Qf2 Qc5 28. Rd1 Ng6 29. Bxg6 hxg6 30. Rfe1 Nc4 31. Na2 Re7 32. Rd3 Rde8 33. Nc3 g5 34. e4 Re5 35. Red1 g4 36. Nxd5 Bxd5 37. exd5 gxf3 38. b3 Nd6 39. Nxf3 Qxf2+ 40. Kxf2 Re2+ 41. Kf1 Ra2 42. a4 Kf7 43. R3d2 Rxd2 44. Rxd2 Re3 45. Nd4 g5 46. Kf2 Re5 47. Nf3 Re7 48. Rd3 Ne4+ 49. Kf1 Rc7 50. Nd4 g4 51. Ke2 Nc3+ 52. Ke3 Nxd5+ 53. Ke4 Nb4 54. Rg3 Re7+ 55. Kf5 Re5+ 56. Kxg4 Re4+ 57. Kh5 Rxd4 58. Rc3 Nd5 59. Rc8 Rb4 60. Rc5 Nf4+ 61. Kh6 Nxg2 0-1

[Event "GRE-chT Online Rapid op 1st"]
[Site "Tornelo INT"]
[Date "2021.02.21"]
[Round "7.1"]
[White "Kapnisis, Spyridon"]
[Black "Zysk, Robert"]
[Result "1/2-1/2"]
[WhiteElo "2478"]
[BlackElo "2391"]
[PlyCount "83"]
[EventDate "2021.02.20"]
[EventType "team-swiss (rapid)"]
[EventRounds "9"]
[EventCountry "GRE"]
[SourceTitle "EXT 2023"]
[Source "ChessBase"]
[SourceDate "2022.10.05"]
[SourceVersion "1"]
[SourceVersionDate "2022.10.05"]
[SourceQuality "1"]

1. Nf3 Nf6 2. c4 b6 3. Nc3 Bb7 4. d4 g6 5. e3 Bg7 6. Be2 0-0 7. 0-0 d5 8. cxd5 Nxd5 9. Bd2 Nd7 10. Qc2 Nxc3 11. Bxc3 Nf6 12. Rfd1 Qc8 13. b4 c5 14. dxc5 bxc5 15. b5 a6 16. a4 axb5 17. axb5 Rxa1 18. Rxa1 Qc7 19. Qb2 Qb6 20. Nd2 Bd5 21. e4 Be6 22. Nc4 Qb8 23. Be5 Qb7 24. f3 Bxc4 25. Bxc4 Nh5 26. Bxg7 Nxg7 27. b6 e6 28. Ra7 Qb8 29. Qb5 Qe5 30. b7 Nh5 31. Ra8 Rb8 32. Qd7 Kg7 33. Rxb8 Qxb8 34. Qc8 Qe5 35. b8Q Qd4+ 36. Kf1 Qxc4+ 37. Kf2 Qc2+ 38. Ke1 Qc1+ 39. Ke2 Qc2+ 40. Ke1 Qc1+ 41. Ke2 Qc2+ 42. Ke1 1/2-1/2

[Event "GRE-chT Online Rapid op 1st"]
[Site "Tornelo INT"]
[Date "2021.02.20"]
[Round "1.9"]
[White "Zysk, Robert"]
[Black "Stoimenidis, Dimitrios"]
[Result "1-0"]
[WhiteElo "2391"]
[BlackElo "1786"]
[PlyCount "43"]
[EventDate "2021.02.20"]
[EventType "team-swiss (rapid)"]
[EventRounds "9"]
[EventCountry "GRE"]
[SourceTitle "EXT 2023"]
[Source "ChessBase"]
[SourceDate "2022.10.05"]
[SourceVersion "1"]
[SourceVersionDate "2022.10.05"]
[SourceQuality "1"]

1. Nf3 Nf6 2. d4 e6 3. c4 Bb4+ 4. Bd2 a5 5. g3 d6 6. Bg2 Nbd7 7. 0-0 e5 8. Nc3 exd4 9. Nxd4 0-0 10. Rc1 Ne5 11. Nd5 Nxd5 12. cxd5 Bc5 13. Bc3 Re8 14. h3 Bd7 15. Kh2 b5 16. b3 b4 17. Bb2 f5 18. Ne6 Qb8 19. Bxe5 Bxe6 20. dxe6 Ra6 21. Rxc5 dxe5 22. Rxe5 1-0

[Event "Mumbai Wealth op 5th"]
[Site "Mumbai"]
[Date "2020.01.06"]
[Round "8"]
[White "Zysk, Robert"]
[Black "Harshad, S."]
[Result "1/2-1/2"]
[WhiteElo "2403"]
[BlackElo "2291"]
[PlyCount "154"]
[EventDate "2019.12.30"]
[EventType "swiss"]
[EventRounds "9"]
[EventCountry "IND"]
[SourceTitle "CBM 194 Extra"]
[Source "ChessBase"]
[SourceDate "2020.03.31"]
[SourceVersion "1"]
[SourceVersionDate "2020.03.31"]
[SourceQuality "1"]

1. Nf3 d5 2. g3 Nf6 3. Bg2 c6 4. b3 h6 5. Bb2 Bf5 6. d3 e6 7. Nbd2 Bh7 8. 0-0 Be7 9. e4 0-0 10. Qe2 dxe4 11. dxe4 c5 12. e5 Nfd7 13. Nc4 Qc7 14. Rfd1 Nc6 15. Rd2 Rad8 16. Rad1 a6 17. h4 Nb6 18. Nd6 Nc8 19. Nxc8 Qxc8 20. Ne1 Rxd2 21. Rxd2 Rd8 22. Rxd8+ Nxd8 23. Be4 Bxe4 24. Qxe4 Nc6 25. a3 b6 26. Nd3 Na5 27. Nf4 Qc6 28. Qe2 b5 29. Bc1 Bf8 30. Nh5 Kh8 31. Bd2 Nb7 32. c4 bxc4 33. bxc4 Qa4 34. Qf3 Nd8 35. Nf4 Kg8 36. Qd3 Nc6 37. Qe4 Qd1+ 38. Be1 Nd4 39. Kg2 Qc1 40. Ba5 Qxc4 41. Qa8 Qa4 42. Bc3 Qxa3 43. Bxd4 cxd4 44. Qe4 Qc5 45. g4 a5 46. g5 hxg5 47. hxg5 g6 48. Nxe6 Qe7 49. Nxf8 Qxg5+ 50. Kf1 Qc1+ 51. Kg2 Kxf8 52. Qxd4 Qc6+ 53. Kg3 a4 54. e6 fxe6 55. Qf6+ Ke8 56. Qxg6+ Kd7 57. Qg7+ Kc8 58. Qf8+ Kb7 59. Qb4+ Ka6 60. f4 Qd7 61. Qc4+ Kb6 62. Qb4+ Kc7 63. Qa5+ Kd6 64. Qb4+ Kd5 65. Qd2+ Kc6 66. Qc3+ Kb5 67. Qb2+ Ka5 68. Qc3+ Kb5 69. Qb2+ Ka6 70. Qe2+ Ka5 71. Qe1+ Kb5 72. Qe2+ Kb4 73. Qb2+ Kc4 74. Qc2+ Kb4 75. Qb2+ Ka5 76. Qc3+ Kb5 77. Qb2+ Ka5 1/2-1/2

[Event "Mumbai Wealth op 5th"]
[Site "Mumbai"]
[Date "2020.01.05"]
[Round "7"]
[White "Nitish, Belurkar"]
[Black "Zysk, Robert"]
[Result "1/2-1/2"]
[WhiteElo "2294"]
[BlackElo "2403"]
[PlyCount "82"]
[EventDate "2019.12.30"]
[EventType "swiss"]
[EventRounds "9"]
[EventCountry "IND"]
[SourceTitle "CBM 194 Extra"]
[Source "ChessBase"]
[SourceDate "2020.03.31"]
[SourceVersion "1"]
[SourceVersionDate "2020.03.31"]
[SourceQuality "1"]

1. e4 e6 2. d4 d5 3. Nd2 Be7 4. c3 dxe4 5. Nxe4 Nd7 6. Nf3 Ngf6 7. Bd3 c5 8. 0-0 cxd4 9. Nxd4 0-0 10. Qe2 Nxe4 11. Bxe4 Nf6 12. Bf3 a6 13. Bf4 Bd6 14. Bg5 Qc7 15. Bxf6 gxf6 16. g3 f5 17. Rad1 Be5 18. Bg2 Bg7 19. Qd2 Rb8 20. a4 Rd8 21. Qg5 Bd7 22. Ra1 b6 23. Rfd1 Be8 24. Rd3 h6 25. Qe3 Qe5 26. Qd2 Qf6 27. f4 b5 28. axb5 Bxb5 29. Nxb5 Rxd3 30. Qxd3 axb5 31. Qd6 Qd8 32. Qxb8 Qxb8 33. Ra8 Qxa8 34. Bxa8 Kf8 35. Kf2 Ke7 36. Bc6 b4 37. cxb4 Bxb2 38. Kf3 Ba3 39. b5 Bc5 40. h3 h5 41. Bb7 Bb6 1/2-1/2

[Event "Mumbai Wealth op 5th"]
[Site "Mumbai"]
[Date "2020.01.01"]
[Round "3"]
[White "Vantika, Agrawal"]
[Black "Zysk, Robert"]
[Result "1-0"]
[WhiteElo "2287"]
[BlackElo "2403"]
[PlyCount "127"]
[EventDate "2019.12.30"]
[EventType "swiss"]
[EventRounds "9"]
[EventCountry "IND"]
[SourceTitle "CBM 194 Extra"]
[Source "ChessBase"]
[SourceDate "2020.03.31"]
[SourceVersion "1"]
[SourceVersionDate "2020.03.31"]
[SourceQuality "1"]

1. d4 Nf6 2. c4 e6 3. g3 Bb4+ 4. Nd2 d5 5. Bg2 0-0 6. Ngf3 Re8 7. 0-0 b6 8. b3 Bb7 9. Bb2 Nbd7 10. Rc1 Bf8 11. cxd5 exd5 12. Nb1 Ne4 13. Nc3 Ndf6 14. Ne5 c5 15. Nxe4 dxe4 16. dxc5 Bxc5 17. Qxd8 Raxd8 18. Rfd1 h5 19. e3 Rxd1+ 20. Rxd1 Ng4 21. Nxg4 hxg4 22. Bf1 Bc6 23. Kg2 Re7 24. Rd8+ Kh7 25. Bc4 Kg6 26. Bc3 Rd7 27. Rg8 f6 28. b4 Be7 29. Be2 Rc7 30. Bxg4 Bd5 31. Rc8 Rxc8 32. Bxc8 Bxa2 33. g4 Bd5 34. h4 Kf7 35. Kh3 Bd6 36. h5 Be6 37. Bb7 f5 38. g5 Bc7 39. g6+ Kf8 40. b5 f4+ 41. Kg2 fxe3 42. fxe3 Bd8 43. Bxe4 Bg5 44. Kf3 Bc4 45. Bc6 Bb3 46. Bb4+ Kg8 47. Kf2 Bh4+ 48. Ke2 Bc4+ 49. Kf3 a5 50. bxa6 Bxa6 51. Bd5+ Kh8 52. e4 Bf6 53. Bd6 b5 54. e5 Bg5 55. e6 b4 56. Bxb4 Bb5 57. Kg4 Bf6 58. Kf4 Be2 59. Bf3 Bc4 60. e7 Bb5 61. Bd5 Ba4 62. Bf7 Bxe7 63. Bxe7 Bd1 64. h6 1-0

[Event "Mumbai Wealth op 5th"]
[Site "Mumbai"]
[Date "2019.12.31"]
[Round "2"]
[White "Zysk, Robert"]
[Black "Deshpande, Aniruddha"]
[Result "1/2-1/2"]
[WhiteElo "2403"]
[BlackElo "2275"]
[PlyCount "100"]
[EventDate "2019.12.30"]
[EventType "swiss"]
[EventRounds "9"]
[EventCountry "IND"]
[SourceTitle "CBM 194 Extra"]
[Source "ChessBase"]
[SourceDate "2020.03.31"]
[SourceVersion "1"]
[SourceVersionDate "2020.03.31"]
[SourceQuality "1"]

1. d4 Nf6 2. c4 g6 3. Nf3 Bg7 4. g3 0-0 5. Bg2 d6 6. 0-0 Nc6 7. Nc3 a6 8. d5 Na5 9. b3 c5 10. dxc6 Nxc6 11. Bf4 Bf5 12. Rc1 Qa5 13. Bd2 Rfc8 14. e4 Bg4 15. h3 Bxf3 16. Bxf3 h5 17. Bg2 Rab8 18. Nd5 Qd8 19. Bc3 e6 20. Ne3 Ne8 21. Bxg7 Kxg7 22. Qd2 Qa5 23. Rfd1 Qxd2 24. Rxd2 e5 25. h4 Nd4 26. Nc2 Nxc2 27. Rcxc2 Kf6 28. Bh3 Rc7 29. f4 Re7 30. f5 Rc7 31. Rd5 g5 32. hxg5+ Kxg5 33. Rd1 Rc6 34. Kf2 Nf6 35. Kf3 Rh8 36. Rcd2 Ne8 37. Bf1 Rh6 38. b4 h4 39. Rh2 hxg3 40. Rxh6 Kxh6 41. Kxg3 Nf6 42. Kf3 Nh5 43. a4 Kg5 44. b5 axb5 45. axb5 Rc8 46. Rxd6 Ra8 47. c5 Ra3+ 48. Rd3 Ra1 49. Kf2 Rc1 50. Rd7 Kf4 1/2-1/2

[Event "BL2-Ost 1920"]
[Site "Germany"]
[Date "2019.11.23"]
[Round "3.3"]
[White "Zysk, Robert"]
[Black "Hess, Max"]
[Result "1-0"]
[WhiteElo "2412"]
[BlackElo "2373"]
[PlyCount "103"]
[EventDate "2019.10.19"]
[EventType "team-tourn"]
[EventRounds "11"]
[EventCountry "GER"]
[SourceTitle "CBM 194 Extra"]
[Source "ChessBase"]
[SourceDate "2020.03.31"]
[SourceVersion "1"]
[SourceVersionDate "2020.03.31"]
[SourceQuality "1"]
[WhiteTeam "Zugzwang MSA"]
[BlackTeam "Garching"]
[WhiteTeamCountry "GER"]
[BlackTeamCountry "GER"]

1. d4 Nf6 2. c4 g6 3. Nf3 Bg7 4. g3 0-0 5. Bg2 d6 6. 0-0 Nbd7 7. Nc3 e5 8. h3 c6 9. dxe5 Nxe5 10. Nxe5 dxe5 11. Be3 Be6 12. b3 Qa5 13. Qc1 Rfd8 14. Bd2 Qc7 15. Bg5 Rd4 16. Qe3 Ne8 17. Bh6 Rad8 18. Bxg7 Kxg7 19. Ne4 f6 20. g4 h6 21. Qc3 Qe7 22. Rae1 Kh7 23. e3 Rd3 24. Qc2 f5 25. gxf5 gxf5 26. Ng3 Rd2 27. Qb1 Ng7 28. Rd1 Qa3 29. Bf3 e4 30. Be2 R8d7 31. Qa1 Qxa2 32. Qe5 Qb2 33. Qb8 Rxe2 34. Rxd7 Bxd7 35. Nxe2 Qxe2 36. Qxb7 Be6 37. Qxc6 Qf3 38. Qc7 Qxh3 39. Ra1 Qg4+ 40. Qg3 Kg6 41. Rxa7 Kf6 42. Qxg4 fxg4 43. Rc7 h5 44. b4 Ne8 45. Rc6 Ke7 46. b5 Kd7 47. Rc5 Nd6 48. b6 h4 49. Rc7+ Kd8 50. c5 Nf7 51. Re7 Bd5 52. b7 1-0